000 01045nam a22003377a 4500
001 000031626
003 CHAP
005 20220329135058.0
008 971013s1943 r 00010 d
010 _a30574
011 _a31546
035 _a35658
040 _cCHAP
082 _a634
_bM14
100 0 0 _aMarchionatto, Juan Bautista.
_971275
245 0 _aEnfermedades de los frutales y procedimientos para combatirlas.
250 _a2 ed.
260 _aBuenos Aires :
_bEd. Sudamericana,
_c1943-.
300 _a200 p. :
_b: ilus.
490 _aEnciclopedia agropecuaria argentina: 1
590 _aBATCH-UPD
_b10
_c20130109
_lUCH01
_h2315
590 _aBATCH-UPD
_b10
_c20130110
_lUCH01
_h1808
590 _aCONVERSION
_b10
_c20130109
_lUCH01
_h1317
590 _aE5765TAJ
_b05
_c20150611
_lUCH01
_h0919
650 1 4 _aArboles frutales
_xEnfermedades.
_96674
830 0 _aEnciclopedia agropecuaria argentina: 1
_936733
901 _aBK
942 _cLIBRO
942 _n0
949 _a634 M3
_bBC
_cLIBRO
_d-82517
_eLIBRO
_h22933
_i35658
_mD
_si
999 _c30574
_d30574